| 000 | 00796 a2200193 4500 | ||
|---|---|---|---|
| 005 | 20240702151242.0 | ||
| 010 | _aB-759306-315 Children Purchase | ||
| 020 |
_a9789392325472 _c200.00 |
||
| 035 | _aB-759306-315 | ||
| 037 | _bAnurag Prakashan | ||
| 082 | _a394.26954 | ||
| 100 |
_aGupta , Kavita _967988 |
||
| 245 |
_aFestivals of India / _cKavita Gupta |
||
| 260 |
_aNew Delhi _bAnurag Prakashan _c2023 |
||
| 270 |
_a4760/61, IInd Floor, 23, Ansari Road , Darya Ganj, _bNew Delhi _e110002 |
||
| 300 |
_a56 p. _c22 cm(Pb) |
||
| 942 |
_adpl _cCH _2ddc _h394.26954 _mGUP |
||
| 999 |
_c203589 _d203589 |
||